000 00452pab a2200157 454500
008 180718b2011 xxu||||| |||| 00| 0 eng d
100 _aSuri, Rochelle
245 _aMaking sense of voices: An exploration of meaningfulness in auditory hallucinations in Schizophrenia
260 _c2011
300 _ap.152-171.
362 _aApr
650 _aAuditory hallucinations
773 _aJournal of Humanistic Psychology
908 _aN
909 _a92426
999 _c92426
_d92426